| 000 | 01120cam a2200349 a 4500 | ||
|---|---|---|---|
| 001 | 2380892 | ||
| 003 | OSt | ||
| 005 | 20150622120850.0 | ||
| 008 | 841003s1984 enk 001 0 eng | ||
| 010 | _a 84222991 | ||
| 020 | _a0421774509 | ||
| 040 |
_aDLC _cDLC _dDLC _dOCoLC |
||
| 043 | _ae-uk--- | ||
| 050 | 0 | 0 |
_aKD1487 _b.T83 1984 |
| 082 | 0 | 0 |
_a346.064 WAR _219 |
| 100 | 1 |
_aWarburton, Jean. _91495 |
|
| 245 | 1 | 0 |
_aTudor on charities / _c Jean Warburton / |
| 250 | _a9th ed. | ||
| 260 |
_aLondon : _bSweet & Maxwell : _bStevens & Sons, _c2003. |
||
| 300 |
_alxxiii, 737 p. ; _c26 cm. |
||
| 440 | 0 |
_aProperty and conveyancing library _91496 |
|
| 500 | _aSpine title: Charities. | ||
| 500 | _aIncludes indexes. | ||
| 650 | 0 |
_aCharitable uses, trusts, and foundations _zGreat Britain. _91497 |
|
| 650 | 0 |
_aMortmain _zGreat Britain. _91498 |
|
| 650 | 0 |
_aLand titles _xRegistration and transfer _zGreat Britain. _91499 |
|
| 700 | 1 |
_aMaurice, Spencer G. _91500 |
|
| 700 | 1 |
_aParker, David B. _q(David Berkeley) _91501 |
|
| 740 | 0 | _aCharities. | |
| 906 |
_a7 _bcbc _corignew _d3 _encip _f19 _gy-gencatlg |
||
| 942 |
_2ddc _cBK |
||
| 999 |
_c515 _d515 |
||